Obras originales del Conde de Floridablanca: y escritos referentes a su persona
Guardat en:
| Autor principal: | |
|---|---|
| Format: | Llibre |
| Idioma: | espanyol |
| Publicat: |
Madrid
M. Rivadeneyra
1867
|
| Col·lecció: | Biblioteca de Autores Españoles desde la formación del lenguaje hasta nuestros días, 59
|
| Matèries: | |
| Etiquetes: |
Afegir etiqueta
Sense etiquetes, Sigues el primer a etiquetar aquest registre!
|
MARC
| LEADER | 00000nam a2200000 a 4500 | ||
|---|---|---|---|
| 001 | UCX5581 | ||
| 003 | CL-VaPUC | ||
| 008 | 921127e18670000SP |||||||||||||||||spa|d | ||
| 082 | 0 | 4 | |a 340.1 |b FER |2 21 |
| 100 | 0 | |a Ferrer del Río, Antonio |e author |9 321886 | |
| 245 | 1 | 0 | |a Obras originales del Conde de Floridablanca: y escritos referentes a su persona |
| 300 | |a 532 p | ||
| 942 | |c BK | ||
| 945 | |d 19921127 00:00:00 | ||
| 260 | |a Madrid |b M. Rivadeneyra |c 1867 | ||
| 600 | 0 | 7 | |a CONDE DE FLORIDABLANCA |2 CL-VaPUC |9 321881 |
| 600 | 0 | 7 | |a MOÑINO, JOSE DE |2 CL-VaPUC |9 321887 |
| 650 | 0 | |a Filosofía del derecho |9 255050 | |
| 650 | 0 | |a Derecho español |9 255291 | |
| 650 | 0 | |a Derecho civil |9 255013 | |
| 650 | 7 | |a DERECHO PENAL |2 CL-VaPUC |9 11 | |
| 651 | 0 | |a España |9 254926 | |
| 583 | |a last modification |c 19921127 00:00:00 |k Rodrigo Vera | ||
| 490 | 0 | |a Biblioteca de Autores Españoles desde la formación del lenguaje hasta nuestros días, 59 | |
| 999 | |c 225796 |d 225794 | ||
| 952 | |0 0 |1 0 |4 0 |6 340_100000000000000_FER_1867 |7 0 |8 A |9 223621 |a FDOPOS |b FDOPOS |d 2019-11-15 |i 2924544 |o 340.1 FER 1867 |p 2924544 |r 2025-01-22 |w 2019-11-15 |y BK |k MLH | ||